<?xml version="1.0" encoding="UTF-8"?>
<record
    xmlns:xsi="http://www.w3.org/2001/XMLSchema-instance"
    xsi:schemaLocation="http://www.loc.gov/MARC21/slim http://www.loc.gov/standards/marcxml/schema/MARC21slim.xsd"
    xmlns="http://www.loc.gov/MARC21/slim">

  <leader>01219nam a2200289 u 4500</leader>
  <controlfield tag="001">676907</controlfield>
  <controlfield tag="005">20260506091605.0</controlfield>
  <controlfield tag="008">010727s1990                        eng  </controlfield>
  <datafield tag="020" ind1=" " ind2=" ">
    <subfield code="a">0194512266</subfield>
  </datafield>
  <datafield tag="035" ind1=" " ind2=" ">
    <subfield code="a">676907</subfield>
  </datafield>
  <datafield tag="035" ind1=" " ind2=" ">
    <subfield code="a">(OCoLC)318465636</subfield>
  </datafield>
  <datafield tag="040" ind1=" " ind2=" ">
    <subfield code="c">comduadb</subfield>
  </datafield>
  <datafield tag="041" ind1=" " ind2=" ">
    <subfield code="a">eng</subfield>
  </datafield>
  <datafield tag="082" ind1=" " ind2="4">
    <subfield code="a">371</subfield>
  </datafield>
  <datafield tag="100" ind1="1" ind2="0">
    <subfield code="a">Smith, Mike</subfield>
    <subfield code="4">aut</subfield>
    <subfield code="e">aut</subfield>
    <subfield code="9">343079</subfield>
  </datafield>
  <datafield tag="245" ind1="1" ind2="2">
    <subfield code="a">A study skills handbook</subfield>
  </datafield>
  <datafield tag="250" ind1=" " ind2=" ">
    <subfield code="a">2 ed.</subfield>
  </datafield>
  <datafield tag="260" ind1=" " ind2=" ">
    <subfield code="a">Estados Unidos :</subfield>
    <subfield code="b">Oxford University Press,</subfield>
    <subfield code="c">1990.</subfield>
  </datafield>
  <datafield tag="300" ind1=" " ind2=" ">
    <subfield code="a">230 p&#xE1;ginas</subfield>
  </datafield>
  <datafield tag="520" ind1="3" ind2=" ">
    <subfield code="a">This title includes the following features: Presents clearly and concisely the various skills needed for effective study.; Covers a wide range of essential areas, including: timetabling and study routine; dictionary skills; library skills; reading skills; note-taking skills; writing skills; and examination skills.; Provides numerous exercises and activities to develop these skills.; Helps students apply the skills immediately to their own situation.</subfield>
  </datafield>
  <datafield tag="650" ind1=" " ind2=" ">
    <subfield code="a">Study skills</subfield>
    <subfield code="9">75558</subfield>
  </datafield>
  <datafield tag="650" ind1=" " ind2=" ">
    <subfield code="a">Habilidades de estudio</subfield>
    <subfield code="9">77702</subfield>
  </datafield>
  <datafield tag="650" ind1=" " ind2=" ">
    <subfield code="a">Study methods</subfield>
    <subfield code="9">75389</subfield>
  </datafield>
  <datafield tag="650" ind1=" " ind2="7">
    <subfield code="a">M&#xE9;todos de estudio</subfield>
    <subfield code="2">lemb</subfield>
    <subfield code="9">1548</subfield>
  </datafield>
  <datafield tag="700" ind1="1" ind2="0">
    <subfield code="a">Smith, Glenda</subfield>
    <subfield code="4">aut</subfield>
    <subfield code="e">aut</subfield>
    <subfield code="9">343080</subfield>
  </datafield>
  <datafield tag="942" ind1=" " ind2=" ">
    <subfield code="c">BOOK</subfield>
  </datafield>
  <datafield tag="999" ind1=" " ind2=" ">
    <subfield code="c">210719</subfield>
    <subfield code="d">210719</subfield>
  </datafield>
  <datafield tag="952" ind1=" " ind2=" ">
    <subfield code="0">0</subfield>
    <subfield code="1">0</subfield>
    <subfield code="4">0</subfield>
    <subfield code="7">0</subfield>
    <subfield code="8">GENERAL</subfield>
    <subfield code="a">SIMI</subfield>
    <subfield code="b">SIMI</subfield>
    <subfield code="d">2001-07-27</subfield>
    <subfield code="i">C691572</subfield>
    <subfield code="l">0</subfield>
    <subfield code="o">371.30281 I/S655</subfield>
    <subfield code="p">61000003673304</subfield>
    <subfield code="r">2023-04-23 00:00:00</subfield>
    <subfield code="t">1</subfield>
    <subfield code="w">2023-04-23</subfield>
    <subfield code="y">BOOK</subfield>
  </datafield>
</record>
